TOP 10 Länder - Fußball-WM Teilnahmen (schwer) - Statistiken

Allgemein
  • Dieses Quiz wurde 819 mal gespielt
  • Das Durchschnittsergebnis liegt bei 6 aus 10
Antwortstatistiken
# Nation % Korrekt
23 Brasilien
99%
21 Deutschland
94%
19 Argentinien
82%
18 Italien
72%
17 Frankreich
50%
17 Spanien
48%
17 England
46%
15 Uruguay
33%
18 Mexiko
30%
15 Belgien
16%
Keine übereinstimmenden Quizze gefunden
Verteilung der Resultate
Anzahl Personen mit jedem Resultat
Perzentil nach korrekt beantworteten Fragen
Ihre Resultats-Entwicklung
Sie haben dieses Quiz noch nicht gespielt